[Event "Chennai WinTV op 1st"]
[Site "Chennai"]
[Date "2004.01.30"]
[Round "11"]
[White "Vasudevan, RR."]
[Black "Gokhale, Anupama"]
[Result "0-1"]
[WhiteElo "2099"]
[BlackElo "2218"]
[PlyCount "68"]
[EventDate "2004.01.21"]
[EventType "swiss"]
[EventRounds "13"]
[EventCountry "IND"]
[SourceTitle "CBM 098 Extra"]
[Source "ChessBase"]
[SourceDate "2004.03.10"]
[SourceVersion "2"]
[SourceVersionDate "2004.03.10"]
[SourceQuality "1"]

1. c4 Nf6 2. Nf3 g6 3. Nc3 d5 4. d4 Bg7 5. g3 0-0 6. Bg2 dxc4 7. Ne5 Ne8 8. 0-0 Nd6 9. a4 c6 10. a5 Na6 11. e4 Be6 12. f4 f5 13. d5 cxd5 14. exd5 Bc8 15. Be3 Qc7 16. h4 Nc5 17. h5 gxh5 18. Qxh5 Nb3 19. Ra3 Nxa5 20. Kf2 Nb3 21. Rh1 h6 22. g4 fxg4 23. Nxg4 Bxg4 24. Qxg4 Nf5 25. Rxb3 cxb3 26. Be4 Nxe3 27. Kxe3 Qb6+ 28. Ke2 Kh8 29. Rh3 Qf6 30. Rg3 Rg8 31. Qh5 Raf8 32. Rg4 Qd6 33. Ke3 Bxc3 34. bxc3 Qxf4+ 0-1

[Event "Chennai WinTV op 1st"]
[Site "Chennai"]
[Date "2004.01.27"]
[Round "8"]
[White "Vasudevan, RR."]
[Black "Sivanandan, BS."]
[Result "0-1"]
[WhiteElo "2099"]
[BlackElo "2340"]
[PlyCount "62"]
[EventDate "2004.01.21"]
[EventType "swiss"]
[EventRounds "13"]
[EventCountry "IND"]
[SourceTitle "CBM 098 Extra"]
[Source "ChessBase"]
[SourceDate "2004.03.10"]
[SourceVersion "2"]
[SourceVersionDate "2004.03.10"]
[SourceQuality "1"]

1. Nf3 c5 2. c4 Nc6 3. Nc3 e6 4. d4 cxd4 5. Nxd4 Nf6 6. Nxc6 bxc6 7. e4 Qc7 8. Bd3 Bd6 9. h3 Rb8 10. Qe2 h6 11. 0-0 g5 12. Re1 Be5 13. Rb1 Rg8 14. Nd1 g4 15. h4 g3 16. f3 Nh5 17. f4 Nxf4 18. Bxf4 Bxf4 19. e5 Qd8 20. Qh5 Qb6+ 21. Kh1 Qd4 22. Qe2 h5 23. Qe4 Qxe4 24. Rxe4 Rg4 25. Be2 Rxh4+ 26. Kg1 c5 27. Bxh5 Bb7 28. Rxf4 Rxf4 29. Nc3 Rf2 30. Bf3 Bxf3 31. gxf3 Rbxb2 0-1

[Event "Dortmund op-A"]
[Site "Dortmund"]
[Date "2003.08.06"]
[Round "5"]
[White "Vasudevan, RR."]
[Black "Stuckenschneider, Martin"]
[Result "1/2-1/2"]
[WhiteElo "2087"]
[BlackElo "1884"]
[PlyCount "74"]
[EventDate "2003.08.01"]
[EventType "swiss"]
[EventRounds "9"]
[EventCountry "GER"]
[SourceTitle "CBM 095 Extra"]
[Source "ChessBase"]
[SourceDate "2003.09.04"]
[SourceVersion "1"]
[SourceVersionDate "2003.09.04"]
[SourceQuality "1"]

1. Nf3 Nf6 2. c4 g6 3. Nc3 c5 4. g3 Bg7 5. Bg2 0-0 6. 0-0 Nc6 7. d4 cxd4 8. Nxd4 Nxd4 9. Qxd4 d6 10. Rd1 a6 11. Bg5 h6 12. Be3 Ng4 13. Qd2 Nxe3 14. Qxe3 Rb8 15. c5 Qc7 16. cxd6 exd6 17. Rac1 Be6 18. Ne4 Qa5 19. a3 Bxb2 20. Qxh6 Qh5 21. Qe3 d5 22. Rb1 Bg7 23. Ng5 d4 24. Qf4 Bh6 25. h4 Qxe2 26. Re1 Qc4 27. Bxb7 Bf5 28. Bxa6 Rxb1 29. Bxc4 Rxe1+ 30. Kh2 Bxg5 31. hxg5 Rc8 32. Qd2 Rce8 33. Qxd4 Be4 34. g4 Ba8 35. Qf6 Rh1+ 36. Kg3 Rg1+ 37. Kh2 Rh1+ 1/2-1/2